MARC

LEADER 00000nam0a2200000 4500
001 312460
005 20231102002504.0
035 |a (RuTPU)RU\TPU\book\337829 
090 |a 312460 
100 |a 20151223d1982 km y0rusy50 ca 
101 0 |a rus 
102 |a RU 
105 |a a z 001zy 
200 1 |a Борьба с шумом и вибрацией в нефтяной промышленности  |f М. М. Сулейманов [и др.] 
210 |a Москва  |c Недра  |d 1982 
215 |a 223 с.  |c ил. 
320 |a Библиогр.: с. 215-217 
606 1 |a Нефтяная промышленность  |x Борьба с шумом и вибрацией  |2 stltpush  |3 (RuTPU)RU\TPU\subj\45918  |9 65107 
610 1 |a виброакустика 
610 1 |a виброакустические загрязнения 
610 1 |a виброакустические измерения 
610 1 |a шум 
610 1 |a вибрации 
610 1 |a нормирование 
610 1 |a буровые установки 
610 1 |a буровые насосы 
610 1 |a манифольдные линии 
610 1 |a сверхглубокое бурение 
610 1 |a условия труда 
610 1 |a виброопасные профессии 
675 |a 622.323  |v 4 
701 1 |a Сулейманов  |b М. М. 
701 1 |a Мусаэлянц  |b Р. Н. 
701 1 |a Хасаев  |b Р. М. 
701 1 |a Алескеров  |b Р. Н. 
801 1 |a RU  |b 63413507  |c 20151223 
801 2 |a RU  |b 63413507  |c 20191112  |g RCR 
942 |c BK